| 000 | 01174cam a22003497a 4500 | ||
|---|---|---|---|
| 001 | 12518745 | ||
| 003 | OSt | ||
| 005 | 20231010133726.0 | ||
| 008 | 010829s2000 enka bf 000 0 eng d | ||
| 010 | _a 2001272796 | ||
| 015 | _aGB99-W6392 | ||
| 016 | 7 |
_a100953688 _2DNLM |
|
| 020 | _a0340740639 | ||
| 020 | _a0340760672 (international students' ed.) | ||
| 035 | _a(OCoLC)ocm43907933 | ||
| 040 |
_aNLM _cNLM _dOS2 _dUKM _dDLC |
||
| 042 | _alccopycat | ||
| 050 | 0 | 0 |
_aRB118 _b.P38 2000 |
| 060 | 0 | 0 | _a2000 E-527 |
| 060 | 1 | 0 |
_aQZ 39 _bP297 2000 |
| 082 | 0 | 0 |
_aQZ 40 P27p 2000 _221 |
| 100 |
_aLydyard, Peter M.; [et...al] _916734 |
||
| 245 | 0 | 0 |
_aPathology Integrated: _ban A-Z of disease and its pathogenesis |
| 260 |
_aLondon : _bOxford University Press, _c2000. |
||
| 300 |
_aix, 281 p. : _bill. (chiefly col.) ; _c28 cm. |
||
| 504 | _aIncludes bibliographical references (p. [vi]). | ||
| 650 | 0 |
_aPathology _91919 |
|
| 856 | 4 | 2 |
_3Publisher description _uhttp://www.loc.gov/catdir/enhancements/fy0611/2001272796-d.html |
| 906 |
_a7 _bcbc _ccopycat _d2 _encip _f20 _gy-gencatlg |
||
| 942 |
_2z _cSLOAN |
||
| 999 |
_c722 _d722 |
||